नारायण राव (Record no. 891633)

MARC details
000 -LEADER
fixed length control field 01167nam a2200277Ia 4500
003 - CONTROL NUMBER IDENTIFIER
control field OSt
005 - DATE AND TIME OF LATEST TRANSACTION
control field 20220930190112.0
008 - FIXED-LENGTH DATA ELEMENTS--GENERAL INFORMATION
fixed length control field 220926b |||||||| |||| 00| 0 tel d
020 ## - INTERNATIONAL STANDARD BOOK NUMBER
International Standard Book Number 8126001909 (hbk)
037 ## - SOURCE OF ACQUISITION
Terms of availability Textbook
040 ## - CATALOGING SOURCE
Original cataloging agency CRL
Transcribing agency CRL
Language of cataloging tel
041 ## - LANGUAGE CODE
Source of code tel
Language code of text/sound track or separate title tel
100 ## - MAIN ENTRY--PERSONAL NAME
Personal name बापिराजू, अडिवि
245 #0 - TITLE STATEMENT
Title नारायण राव
Remainder of title तेलुगु भाषा का श्रेष्ठ उपन्यास, अनु0 ए. रमेश चौधरी
246 ## - VARYING FORM OF TITLE
Title proper/short title N hanyate
260 ## - PUBLICATION, DISTRIBUTION, ETC.
Place of publication, distribution, etc. नई दिल्ली,
Name of publisher, distributor, etc. साहित्य अकादेमी, भारत
Date of publication, distribution, etc. 1958
300 ## - PHYSICAL DESCRIPTION
Extent 415पृ0
Dimensions cm.
650 ## - SUBJECT ADDED ENTRY--TOPICAL TERM
Topical term or geographic name entry element तेलुगु साहित्य
700 ## - ADDED ENTRY--PERSONAL NAME
Personal name चौधरी, ए. रमेश, अनु.
9 (RLIN) 558607
942 ## - ADDED ENTRY ELEMENTS (KOHA)
Classification part O35,3M95,NR, 152J8
Koha item type Textbook
Source of classification or shelving scheme Colon Classification (CC)

No items available.

Copyright @ Delhi University Library System